[Event "POL-chT Academic"]
[Site "Katowice"]
[Date "2018.02.03"]
[Round "6.10"]
[White "Fengier, Jakub"]
[Black "Rydzewski, Pawel"]
[Result "1-0"]
[WhiteElo "1987"]
[BlackElo "1995"]
[PlyCount "113"]
[EventDate "2018.02.03"]
[EventType "team-swiss (rapid)"]
[EventRounds "9"]
[EventCountry "POL"]
[SourceTitle "CBM 182 Extra"]
[Source "ChessBase"]
[SourceDate "2018.02.23"]
[SourceVersion "1"]
[SourceVersionDate "2018.02.23"]
[SourceQuality "1"]
[WhiteTeam "Poznan PP"]
[BlackTeam "Katowice UE"]
[WhiteTeamCountry "POL"]
[BlackTeamCountry "POL"]

1. e4 e6 2. d4 d5 3. e5 c5 4. c3 Qa5 5. Bd2 Qb6 6. Qb3 cxd4 7. Qxb6 axb6 8. cxd4 Nc6 9. Nf3 Nge7 10. Nc3 Nf5 11. Nb5 Kd8 12. Bd3 Nb4 13. Bxb4 Bxb4+ 14. Ke2 Bd7 15. Nc3 Bxc3 16. bxc3 Ra3 17. Kd2 Kc7 18. Rhb1 Rha8 19. Rb2 h6 20. Ne1 Ne7 21. Nc2 R3a5 22. Nb4 f6 23. f4 fxe5 24. fxe5 Rf8 25. Ke3 Be8 26. c4 Ra3 27. Rb3 Ra4 28. cxd5 exd5 29. g4 Bc6 30. Rab1 b5 31. Rc1 Kd7 32. Rc5 g5 33. Bxb5 Raa8 34. Bxc6+ bxc6 35. Rbc3 Rf1 36. Nxc6 Rxa2 37. Nxe7 Re1+ 38. Kf3 Rf1+ 39. Kg3 Rg1+ 40. Kh3 Kxe7 41. Rc7+ Kf8 42. Rh7 Kg8 43. Rxh6 Rgg2 44. Rg6+ Kh7 45. Rxg5 Rxh2+ 46. Kg3 Kh6 47. Rf5 Rhg2+ 48. Kf4 Rae2 49. Rh3+ Kg7 50. Kg5 Re4 51. Rf4 Rge2 52. Rhf3 Rxf4 53. Rxf4 Ra2 54. Kf5 Ra8 55. e6 Ra1 56. Ke5 Re1+ 57. Kxd5 1-0

[Event "GER-chT Universities"]
[Site "Augsburg"]
[Date "2010.10.08"]
[Round "4.3"]
[White "Yin, Stanley"]
[Black "Fengier, Jakub"]
[Result "0-1"]
[WhiteElo "1899"]
[BlackElo "2002"]
[PlyCount "54"]
[EventDate "2010.10.06"]
[EventType "team-swiss"]
[EventRounds "6"]
[EventCountry "GER"]
[SourceTitle "EXT 2016"]
[Source "ChessBase"]
[SourceDate "2015.10.08"]
[SourceVersion "1"]
[SourceVersionDate "2015.10.08"]
[SourceQuality "1"]
[WhiteTeam "Augsburg Uni III"]
[BlackTeam "Poznan FH II"]
[WhiteTeamCountry "GER"]
[BlackTeamCountry "POL"]

1. c4 c6 2. g3 d5 3. cxd5 cxd5 4. Nf3 Nf6 5. Bg2 Nc6 6. d4 Bf5 7. 0-0 e6 8. Nh4 Bg6 9. Nxg6 hxg6 10. Bg5 Qb6 11. e3 Qxb2 12. Nd2 Qa3 13. Bxf6 gxf6 14. Qe2 Be7 15. Qb5 Qb4 16. Rab1 Qxb5 17. Rxb5 b6 18. Rc1 Kd7 19. Bf1 Rhc8 20. Rb3 Na5 21. Rbc3 Rxc3 22. Rxc3 Bb4 23. Rc2 Bxd2 24. Rxd2 Rc8 25. h4 f5 26. Be2 Rc1+ 27. Kg2 Nc4 0-1